00756nai a2200193Ia 4500003000900000008004100009022002200050022002300072040001600095245008300111260008600194310001400280362002600294521006900320650003000389650003400419650001900453856009000472IN-BaIIA211028c9999 xx s 000 0 eng d a1534-4320 (Print) a1558-0210 (Online) cIIA Library 0aIEEE Transactions on Neural Systems and Rehabilitation Engineeringh[eJournal] aNew York, USAbThe Institute of Electrical and Electronics Engineers, Inc. (IEEE) aBimonthly a9(1); 2001 - Present  bSubscribed through National Knowledge Resource Consortium (NKRC) a Computing and Processing a Robotics and Control Systems aBioengineering uhttps://ieeexplore.ieee.org/servlet/opac?punumber=7333yClick Here to Access eJournal